00401nam a2200097Ia 45000010005000000080041000050820035000461000138000812450066002192600018002852794241024s9999 xx 000 0 und d aRD/320.5097293/R426e/2008-2012 aRepública Dominicana. Presidencia de la República Dominicana. Dirección de Información, Prensa y Publicidad de la Presidencia 0aEstrategia Integral de Comunicación Gubernamental 2008-2012 bIMAGRAFc2008